Аналіз політики для реального світу (Запис № 314848)

МАРК-запис
000 -Лідер
fixed length control field 00695nam a22002777a 4500
001 - Контрольний номер
control field 28480
003 - Ідентифікатор контрольного номера
control field UA-OsUOA
005 - Дата та час останнього входження (трансакції)
control field 20191119164421.0
007 - Фіксоване поле фізичного опису
fixed length control field ta
008 - Елементи даних фіксованої довжини – загальна інформація
fixed length control field 20050330b un ||||| |||| 00| 0 ukr d
020 ## - Міжнародний стандартний книжковий номер (ISBN)
Міжнародний стандартний книжковий номер (ISBN) (НП) 966-500-179-5
040 ## - Джерело каталогізації
Агенція оригінальної каталогізації UA-OsUOA
Мова каталогізації ukr
Агенція, яка здійснювала перезапис UA-OsUOA
Агенція, яка здійснювала модифікацію UA-OsUOA
041 ## - Код мови
Код мови тексту/ звукової доріжки чи окремого заголовка (П) ukr
044 ## - Код країни видавця/ виробника
Код країни видавця/ виробника (П) UA
080 ## - Індекс Універсальної десяткової класифікації
Індекс Універсальної десяткової класифікації (УДК) (НП) 321
090 ## - Локальний шифр розміщення
Класифікаційний індекс УДК 321
Авторський знак (НП) Г58
100 ## - Основне введення – ім’я особи
Ім’я особи (НП) Гогвуд Б.
245 ## - Відомості про назву
Назва (НП) Аналіз політики для реального світу
260 ## - Публікація, розповсюдження і т.п. (Вихідні дані)
Місце публікації, розповсюдження і т.п. (П) К.
Ім’я/ наймення видавництва, розповсюджувача і т.п. (П) Основа
Дата публікації, розповсюдження і т.п. (П) 2004
300 ## - Фізичний опис
Обсяг 396 с.
650 #7 - Додаткове предметне введення – тематичний термін
Джерело заголовка чи терміна UDC
700 ## - Додаткове введення – ім'я особи
Ім’я особи (НП) Ган Л.
942 ## - Додаткові елементи входу (Коха)
Тип елемента Koha Книги
Source of classification or shelving scheme Universal Decimal Classification
955 ## - Код типу видання за змістом
Код типу видання за змістом (НП) Навчальні видання
Фонди
Стан вилучень Стан втрат Джерело класифікації або схеми стелажів Стан уражень Не для кредиту Постійне місце розташування Поточне розміщення Дата придбання Інвентарний номер Усього замовленно Повний номер виклику Штрих-код Дата останнього перегляду Ціна ефективна від Тип елемента Koha Джерело придбання Вартість, звичайна ціна покупки Дата останньої перевірки
    Universal Decimal Classification     ЧЗ - Читальна зала АБ - Абонемент НБ 27/04/2006 96193 1 321 Г58 96193 26/11/2021 30/03/2005 Книги 43/2006 45.30 13/10/2021
    Universal Decimal Classification     ЧЗ - Читальна зала ЧЗ - Читальна зала 30/03/2005 84113   321 Г58 84113 29/09/2021 30/03/2005 Книги      
    Universal Decimal Classification     ЧЗ - Читальна зала ЧЗ - Читальна зала 18/12/2006 102010   321.01 Г58 102010 29/09/2021 25/11/2005 Книги 152/2006 42.20  
    Universal Decimal Classification     ЧЗ - Читальна зала ЧЗ - Читальна зала 25/11/2005 88971   321.01 Г58 88971 29/09/2021 25/11/2005 Книги 137/2005 39.70  
    Universal Decimal Classification     ЧЗ - Читальна зала ЧЗ - Читальна зала 26/06/2006 97084   321 Г58 97084 29/09/2021 26/06/2006 Книги 64/2006 35.00